000 00540nam a22002057a 4500
003 OSt
005 20140310183122.0
008 130515t xxu||||| |||| 00| 0 eng d
020 _a9718563377
050 _aBS 571
_b.M394 2005
082 _2FIL 920.02
_bM394 2005
245 _aGreat People Who Moved the World
_cMasangkay, Mylene D.
260 _bWorld Link Marketing Corp.
_cc2005
300 _a100 p.
_c21 cm.
521 _acollege students
526 _c1210L-1700L
541 _j1
562 _e1
942 _2lcc
_cBK
_kFIL
999 _c18956
_d18956